[Event "GER-chT North U14"]
[Site "Magdeburg"]
[Date "2013.09.14"]
[Round "5.1"]
[White "Gelman, Josef"]
[Black "Roessler, Linus Benedict"]
[Result "1-0"]
[WhiteElo "1366"]
[BlackElo "1537"]
[PlyCount "61"]
[EventDate "2013.09.12"]
[EventType "team-swiss"]
[EventRounds "7"]
[EventCountry "GER"]
[SourceTitle "EXT 2014"]
[Source "ChessBase"]
[SourceDate "2013.11.20"]
[SourceVersion "1"]
[SourceVersionDate "2013.11.20"]
[SourceQuality "1"]
[WhiteTeam "Weisse Dame"]
[BlackTeam "Magdeburg Aufbau Elbe"]
[WhiteTeamCountry "GER"]
[BlackTeamCountry "GER"]

1. d4 Nf6 2. c4 g6 3. Nc3 Bg7 4. e4 d6 5. Nf3 0-0 6. Be2 e5 7. dxe5 dxe5 8. 0-0 Nc6 9. Bg5 Re8 10. Nd5 h6 11. Nxf6+ Bxf6 12. Qxd8 Bxd8 13. Bxh6 Nd4 14. Nxd4 exd4 15. Bd3 g5 16. f4 f6 17. fxg5 fxg5 18. e5 Be7 19. Bg6 Rd8 20. Rf7 Bf8 21. Bxg5 Rd7 22. e6 Rxf7 23. Bxf7+ Kg7 24. Rf1 d3 25. e7 Bxe7 26. Bxe7 Bg4 27. Bb4 c5 28. Bc3+ Kh7 29. Rf4 Be2 30. Rh4+ Bh5 31. Rxh5# 1-0

[Event "GER-chT U12"]
[Site "Verden"]
[Date "2012.12.29"]
[Round "5.2"]
[White "Huber, Benedikt"]
[Black "Roessler, Linus Benedict"]
[Result "0-1"]
[WhiteElo "1445"]
[BlackElo "1472"]
[PlyCount "48"]
[EventDate "2012.12.27"]
[EventType "team-swiss"]
[EventRounds "7"]
[EventCountry "GER"]
[SourceTitle "EXT 2014"]
[Source "ChessBase"]
[SourceDate "2013.11.20"]
[SourceVersion "1"]
[SourceVersionDate "2013.11.20"]
[SourceQuality "1"]
[WhiteTeam "Muenchen Suedost"]
[BlackTeam "Magdeburg Aufbau Elbe"]
[WhiteTeamCountry "GER"]
[BlackTeamCountry "GER"]

1. d4 Nf6 2. c4 g6 3. Nc3 Bg7 4. e4 d6 5. f3 0-0 6. Be3 e5 7. d5 Nbd7 8. Qd2 Ne8 9. Bd3 Qe7 10. Nge2 f6 11. h4 f5 12. g3 Ndf6 13. Bg5 Qf7 14. 0-0-0 fxe4 15. Nxe4 Nxe4 16. fxe4 Nf6 17. Rdf1 Bg4 18. Rf2 Qe7 19. Rhf1 Rf7 20. Qe3 b6 21. Bh6 Raf8 22. Bg5 Qe8 23. Nc3 Bh3 24. Bxf6 Bxf1 0-1

[Event "GER-chT U12"]
[Site "Verden"]
[Date "2012.12.29"]
[Round "6.3"]
[White "Roessler, Linus Benedict"]
[Black "Riess, Alexander"]
[Result "1-0"]
[WhiteElo "1472"]
[BlackElo "1510"]
[PlyCount "57"]
[EventDate "2012.12.27"]
[EventType "team-swiss"]
[EventRounds "7"]
[EventCountry "GER"]
[SourceTitle "EXT 2014"]
[Source "ChessBase"]
[SourceDate "2013.11.20"]
[SourceVersion "1"]
[SourceVersionDate "2013.11.20"]
[SourceQuality "1"]
[WhiteTeam "Magdeburg Aufbau Elbe"]
[BlackTeam "Luebeck"]
[WhiteTeamCountry "GER"]
[BlackTeamCountry "GER"]

1. e4 c5 2. Nf3 e6 3. d4 cxd4 4. Nxd4 Nf6 5. Nc3 d6 6. f3 a6 7. Be3 Be7 8. Bc4 Qc7 9. Bb3 b5 10. Qd2 Bb7 11. Bxe6 fxe6 12. Nxe6 Qd7 13. Nxg7+ Kf7 14. Nf5 Nc6 15. Nd5 Nxd5 16. Qxd5+ Kf8 17. Bh6+ Ke8 18. Bg7 Na5 19. Qd4 Rg8 20. 0-0-0 Rc8 21. Nxe7 Qxe7 22. Bf6 Qc7 23. Rd2 Nc4 24. Re2 Kf7 25. Bh4 Rg6 26. Rd1 Rcg8 27. Bg3 Bc6 28. Kb1 Re8 29. Kc1 1-0

[Event "GER-chT U12"]
[Site "Verden"]
[Date "2012.12.27"]
[Round "2.3"]
[White "Meyling, Lennart"]
[Black "Roessler, Linus Benedict"]
[Result "1/2-1/2"]
[WhiteElo "1555"]
[BlackElo "1472"]
[PlyCount "39"]
[EventDate "2012.12.27"]
[EventType "team-swiss"]
[EventRounds "7"]
[EventCountry "GER"]
[SourceTitle "EXT 2014"]
[Source "ChessBase"]
[SourceDate "2013.11.20"]
[SourceVersion "1"]
[SourceVersionDate "2013.11.20"]
[SourceQuality "1"]
[WhiteTeam "Hamburger SK"]
[BlackTeam "Magdeburg Aufbau Elbe"]
[WhiteTeamCountry "GER"]
[BlackTeamCountry "GER"]

1. e4 c5 2. Nf3 d6 3. d4 cxd4 4. Nxd4 Nf6 5. Nc3 a6 6. Bg5 e6 7. Bc4 Be7 8. f4 Qc7 9. Bb3 0-0 10. 0-0 b5 11. Re1 Bb7 12. e5 Ne8 13. Bxe7 Qxe7 14. exd6 Qxd6 15. f5 exf5 16. Nxf5 Qb6+ 17. Kh1 Qf6 18. Ne7+ Kh8 19. Ned5 Bxd5 20. Nxd5 1/2-1/2

[Event "GER-chT North U12"]
[Site "Magdeburg"]
[Date "2012.09.09"]
[Round "7.3"]
[White "Laubrock, Paul"]
[Black "Roessler, Linus Benedict"]
[Result "0-1"]
[WhiteElo "1632"]
[BlackElo "1430"]
[PlyCount "70"]
[EventDate "2012.09.06"]
[EventType "team-swiss"]
[EventRounds "7"]
[EventCountry "GER"]
[SourceTitle "EXT 2015"]
[Source "ChessBase"]
[SourceDate "2014.11.20"]
[SourceVersion "1"]
[SourceVersionDate "2014.11.20"]
[SourceQuality "1"]
[WhiteTeam "Hagen"]
[BlackTeam "Magdeburg Aufbau Elbe"]
[WhiteTeamCountry "GER"]
[BlackTeamCountry "GER"]

1. d4 Nf6 2. Nc3 d5 3. Bf4 g6 4. Qd2 Bg7 5. f3 c6 6. 0-0-0 Nbd7 7. Bh6 Bxh6 8. Qxh6 Qa5 9. Qd2 Nb6 10. e3 Na4 11. Nxa4 Qxa4 12. Kb1 b5 13. b3 Qa3 14. Qc1 Qa6 15. Ne2 Qb6 16. Nf4 a5 17. Bd3 Qa7 18. Kb2 a4 19. Qa1 axb3 20. axb3 Qb7 21. Qb1 Qa7 22. Kc1 Bd7 23. Kd2 c5 24. dxc5 Qxc5 25. Qb2 Qd6 26. Ra1 0-0 27. Ke2 e5 28. Nh3 e4 29. fxe4 dxe4 30. Rad1 Bg4+ 31. Kf2 Bxd1 32. Rxd1 exd3 33. Rxd3 Qe6 34. Nf4 Qf5 35. Kg1 Rfd8 0-1

[Event "GER-chT U12"]
[Site "Arendsee"]
[Date "2011.12.30"]
[Round "7.2"]
[White "Bleyer, Kalle"]
[Black "Roessler, Linus Benedict"]
[Result "1-0"]
[WhiteElo "1350"]
[BlackElo "1558"]
[PlyCount "72"]
[EventDate "2011.12.27"]
[EventType "team-swiss"]
[EventRounds "7"]
[EventCountry "GER"]
[SourceTitle "EXT 2022"]
[Source "ChessBase"]
[SourceDate "2021.10.06"]
[SourceVersion "1"]
[SourceVersionDate "2021.10.06"]
[SourceQuality "1"]
[WhiteTeam "Endingen U12"]
[BlackTeam "Magdeburg Aufbau Elbe U12"]
[WhiteTeamCountry "GER"]
[BlackTeamCountry "GER"]

1. e4 c5 2. Nf3 d6 3. d4 cxd4 4. Nxd4 Nf6 5. Nc3 a6 6. Be3 e5 7. Nb3 Be6 8. Be2 Be7 9. Bf3 0-0 10. 0-0 Nbd7 11. h3 b5 12. Ne2 Nb6 13. Bxb6 Qxb6 14. Ng3 Qc7 15. c3 Qd7 16. Qc2 Rac8 17. a3 Rfd8 18. Rad1 Qc7 19. Nd2 a5 20. Qd3 Qb6 21. Rc1 Rc7 22. Be2 Rb8 23. b4 a4 24. Rc2 Qc6 25. Rfc1 Qa6 26. c4 bxc4 27. Nxc4 Bxc4 28. Rxc4 Rxc4 29. Qxc4 Qxc4 30. Bxc4 g6 31. f3 Kf8 32. Bd3 Ra8 33. Kf2 Nd7 34. Rc7 Nb6 35. Rb7 Nc8 36. Bb5 h6 1-0

[Event "GER-ch U10"]
[Site "Oberhof"]
[Date "2010.05.26"]
[Round "7"]
[White "Sieber, Fiona"]
[Black "Roessler, Linus Benedict"]
[Result "1-0"]
[WhiteElo "1605"]
[BlackElo "1105"]
[PlyCount "99"]
[EventDate "2010.05.22"]
[EventType "swiss"]
[EventRounds "11"]
[EventCountry "GER"]
[SourceTitle "CBM 136 Extra"]
[Source "ChessBase"]
[SourceDate "2010.07.02"]
[SourceVersion "2"]
[SourceVersionDate "2010.07.15"]
[SourceQuality "1"]

1. e4 c5 2. f4 d6 3. Nf3 Nc6 4. Bb5 e6 5. Bxc6+ bxc6 6. 0-0 Ne7 7. b3 Ng6 8. d3 Be7 9. Qe1 0-0 10. Qg3 Bd7 11. Bb2 Bh4 12. Nxh4 Qxh4 13. Rf3 Qxg3 14. Rxg3 f6 15. Rf3 e5 16. f5 Nf4 17. Kf2 g6 18. g4 g5 19. Nd2 Rad8 20. Nc4 d5 21. Nd2 Be8 22. Ba3 dxe4 23. Nxe4 Rf7 24. Bxc5 Rfd7 25. Nxf6+ Kg7 26. Nxd7 Rxd7 27. Re1 Rd5 28. b4 Bf7 29. a3 a5 30. Rfe3 Kf6 31. Re4 Nh3+ 32. Kg3 Nf4 33. d4 Kg7 34. Rxe5 Rxe5 35. Rxe5 axb4 36. axb4 h5 37. f6+ Kxf6 38. Be7+ Kg7 39. Rxg5+ Ng6 40. gxh5 Kh6 41. hxg6 Bxg6 42. Rxg6+ Kxg6 43. d5 cxd5 44. b5 d4 45. b6 d3 46. cxd3 Kf5 47. b7 Ke5 48. b8Q+ Kd4 49. Qb4+ Kd5 50. Qe4# 1-0

[Event "GER-ch U10"]
[Site "Oberhof"]
[Date "2010.05.25"]
[Round "5"]
[White "Nothnagel, Marian Can"]
[Black "Roessler, Linus Benedict"]
[Result "1-0"]
[WhiteElo "1211"]
[BlackElo "1105"]
[PlyCount "141"]
[EventDate "2010.05.22"]
[EventType "swiss"]
[EventRounds "11"]
[EventCountry "GER"]
[SourceTitle "CBM 136 Extra"]
[Source "ChessBase"]
[SourceDate "2010.07.02"]
[SourceVersion "2"]
[SourceVersionDate "2010.07.15"]
[SourceQuality "1"]

1. e4 c5 2. Nf3 Nc6 3. c3 g6 4. d4 cxd4 5. cxd4 d6 6. d5 Ne5 7. Nxe5 dxe5 8. Nc3 a6 9. Be3 Bg7 10. Qb3 Nf6 11. 0-0-0 0-0 12. Be2 Rb8 13. Bb6 Qd6 14. Kb1 Nd7 15. Ba7 Ra8 16. Be3 b5 17. Rc1 Nf6 18. f3 Bd7 19. g4 b4 20. Na4 Bxa4 21. Qxa4 Rfc8 22. Rxc8+ Rxc8 23. Qxa6 Qxa6 24. Bxa6 Ra8 25. Bb7 Rb8 26. Bc6 b3 27. a4 Ne8 28. a5 Nc7 29. Bb6 Na6 30. Ba4 Nb4 31. Bxb3 Ra8 32. Rd1 Bf8 33. Ba4 f6 34. Bc6 Rc8 35. Rc1 h6 36. Bd7 Rb8 37. Be6+ Kg7 38. Rc4 Nd3 39. b4 Ne1 40. Rc8 Rb7 41. Rc3 Rb8 42. h4 Ng2 43. h5 gxh5 44. gxh5 Nf4 45. Bg4 Ne2 46. Rc2 Nf4 47. Bc5 Nd3 48. Ka2 Nxb4+ 49. Bxb4 Rxb4 50. Rc5 e6 51. Rc7+ Kh8 52. Rc8 Ra4+ 53. Kb3 Rb4+ 54. Kc3 Kg7 55. Rxf8 Kxf8 56. Kxb4 exd5 57. exd5 f5 58. Bxf5 e4 59. fxe4 Kf7 60. e5 Ke7 61. Bg6 Kd7 62. a6 Kc7 63. d6+ Kb6 64. e6 Kxa6 65. e7 Kb6 66. e8Q Ka7 67. Qc6 Kb8 68. d7 Ka7 69. Ka5 Kb8 70. d8Q+ Ka7 71. Qda8# 1-0

[Event "GER-ch U10"]
[Site "Oberhof"]
[Date "2010.05.23"]
[Round "1"]
[White "Schmidek, Emil"]
[Black "Roessler, Linus Benedict"]
[Result "1-0"]
[WhiteElo "1740"]
[BlackElo "1105"]
[PlyCount "95"]
[EventDate "2010.05.22"]
[EventType "swiss"]
[EventRounds "11"]
[EventCountry "GER"]
[SourceTitle "CBM 136 Extra"]
[Source "ChessBase"]
[SourceDate "2010.07.02"]
[SourceVersion "2"]
[SourceVersionDate "2010.07.15"]
[SourceQuality "1"]

1. d4 d5 2. c4 e6 3. Nc3 Nf6 4. Bg5 Be7 5. e3 0-0 6. Bd3 b6 7. Nge2 c5 8. Qc2 g6 9. Rd1 h6 10. Bxh6 Kh7 11. Bxf8 Qxf8 12. h4 Qh6 13. Kd2 Kg7 14. Rdg1 Ng4 15. Nd1 Nf6 16. g4 Qh8 17. h5 Bb7 18. hxg6 Qg8 19. g5 Ne4+ 20. Bxe4 dxe4 21. gxf7 Kxf7 22. g6+ Ke8 23. g7 Kf7 24. Rh8 Qxg7 25. Rxg7+ Kxg7 26. Re8 Nc6 27. Rxa8 Bxa8 28. Qxe4 cxd4 29. exd4 Kf7 30. Nf4 Ke8 31. Qxe6 Nd8 32. Qc8 Bb4+ 33. Nc3 Bb7 34. Qb8 Bxc3+ 35. bxc3 a5 36. Ne6 Ke7 37. Qxd8+ Kxe6 38. Qxb6+ Kf5 39. Qxb7 a4 40. Ke3 a3 41. Qe4+ Kf6 42. Kf4 Kf7 43. Kg5 Kg7 44. Qg6+ Kh8 45. Qf6+ Kg8 46. Qe7 Kh8 47. Kh6 Kg8 48. Qe8# 1-0